| 000 | 01192nam a22003497a 4500 | ||
|---|---|---|---|
| 003 | CHAP | ||
| 005 | 20220329141228.0 | ||
| 008 | 971010s1982 r 00010 d | ||
| 010 | _a64761 | ||
| 011 | _a65733 | ||
| 035 | _a73025 | ||
| 040 | _cCHAP | ||
| 090 | _aTesis | ||
| 100 | 0 | 0 |
_aSánchez García, Pastor. _9107539 |
| 245 | _aEfecto del tamaño de semilla y la profundidad de siembra en el rendimiento de maíz | ||
| 260 |
_aChapingo, Méx. : _bEl autor, _c1982 |
||
| 300 |
_a59 h. _b: ilus. ; gráfs. |
||
| 502 | _aTesis (Ing. Agr. Esp. en Fitotecnia) -- UACH. Departamento de Fitotecnia | ||
| 590 |
_aALEPH _b10 _c20130110 _lUCH01 _h1354 |
||
| 590 |
_aBATCH-UPD _b10 _c20130110 _lUCH01 _h1006 |
||
| 590 |
_aBATCH-UPD _b10 _c20130410 _lUCH01 _h0615 |
||
| 590 |
_aBATCH-UPD _b10 _c20130914 _lUCH01 _h1754 |
||
| 590 |
_aCONVERSION _b10 _c20130109 _lUCH01 _h1335 |
||
| 650 | 1 | 4 |
_aMaíz _xRendimiento. _971051 |
| 650 | 1 | 4 |
_aMaíz _xSemilla. _971059 |
| 901 | _aBK | ||
| 942 | _cFOLL | ||
| 949 |
_bBC _cTES _d-136547 _eTS1 _i73025 _si |
||
| 949 |
_bBC _cTES _d-136548 _eTS2 _fc.2 _i73025 _si |
||
| 949 |
_bBC _cTES _d-136549 _eTS2 _fc.3 _h21902 _i73025 _si |
||
| 949 |
_bCR _cTESBD _d-5783 _eTS1 _h75 _i73025 _si |
||
| 999 |
_c64761 _d64761 |
||